LDR 00613naa#a2200169#i#450# 001 EN\\bibl\118981 005 20260418214652.6 011 ## _a1999-9917 100 ## _a20260330b2026####ek#y0engy0150####ca 102 ## _aRU 200 1# _aINTERNATIONAL EXPERIENCE IN THE USE OF DIGITAL TRACKING TECHNOLOGIES FOR CONVICTS _eJournal article 210 1# _aRyazan _cAcademy of the FPS of Russia _d2026 215 ## _a9 с. 608 ## _aJournal article _2local 675 ## _aИсполнение наказания. Предупреждение преступлений. 343.8 _z 700 #1 _aSilantyeva _gNadezhda Andreevna 856 4# _amcp.editorum.ru _u